Random Years to Presidents - Statistics

General Stats
  • This quiz has been taken 1,592 times
  • The average score is 13 of 16
Answer Stats
Year Answer % Correct
1865 Abraham Lincoln | Andrew Johnson
100%
1832 Andrew Jackson
100%
1837 Andrew Jackson | Martin Van Buren
100%
1869 Andrew Johnson | Ulysses S. Grant
100%
2010 Barack Obama
100%
2014 Barack Obama
100%
2015 Barack Obama
100%
2016 Barack Obama
100%
1892 Benjamin Harrison
100%
1995 Bill Clinton
100%
1999 Bill Clinton
100%
2000 Bill Clinton
100%
1924 Calvin Coolidge
100%
1925 Calvin Coolidge
100%
1928 Calvin Coolidge
100%
2019 Donald Trump
100%
2020 Donald Trump
100%
2021 Donald Trump | Joe Biden
100%
1956 Dwight Eisenhower
100%
1958 Dwight Eisenhower
100%
1959 Dwight Eisenhower
100%
1936 Franklin D. Roosevelt
100%
1937 Franklin D. Roosevelt
100%
1940 Franklin D. Roosevelt
100%
1941 Franklin D. Roosevelt
100%
1945 Franklin D. Roosevelt | Harry Truman
100%
1992 George H. W. Bush
100%
1789 George Washington
100%
1790 George Washington
100%
1791 George Washington
100%
1792 George Washington
100%
1796 George Washington
100%
1797 George Washington | John Adams
100%
2002 George W. Bush
100%
2004 George W. Bush
100%
2005 George W. Bush
100%
1976 Gerald Ford
100%
1977 Gerald Ford | Jimmy Carter
100%
1887 Grover Cleveland
100%
1894 Grover Cleveland
100%
1947 Harry Truman
100%
1950 Harry Truman
100%
1951 Harry Truman
100%
1932 Herbert Hoover
100%
1933 Herbert Hoover | Franklin D. Roosevelt
100%
1861 James Buchanan | Abraham Lincoln
100%
1812 James Madison
100%
1813 James Madison
100%
1815 James Madison
100%
1816 James Madison
100%
1817 James Madison | James Monroe
100%
1848 James Polk
100%
1978 Jimmy Carter
100%
1980 Jimmy Carter
100%
1981 Jimmy Carter | Ronald Reagan
100%
2022 Joe Biden
100%
2023 Joe Biden
100%
2024 Joe Biden
100%
1799 John Adams
100%
1801 John Adams | Thomas Jefferson
100%
1962 John F. Kennedy
100%
1963 John F. Kennedy | Lyndon Johnson
100%
1965 Lyndon Johnson
100%
1969 Lyndon Johnson | Richard Nixon
100%
1841 Martin Van Buren | William Henry Harrison | John Tyler
100%
1853 Millard Fillmore | Franklin Pierce
100%
1971 Richard Nixon
100%
1974 Richard Nixon | Gerald Ford
100%
1983 Ronald Reagan
100%
1984 Ronald Reagan
100%
1988 Ronald Reagan
100%
1989 Ronald Reagan | George H. W. Bush
100%
1878 Rutherford B. Hayes
100%
1879 Rutherford B. Hayes
100%
1880 Rutherford B. Hayes
100%
1881 Rutherford B. Hayes | James Garfield | Chester A. Arthur
100%
1903 Theodore Roosevelt
100%
1904 Theodore Roosevelt
100%
1909 Theodore Roosevelt | William H. Taft
100%
1805 Thomas Jefferson
100%
1808 Thomas Jefferson
100%
1809 Thomas Jefferson | James Madison
100%
1922 Warren Harding
100%
1917 Woodrow Wilson
100%
1920 Woodrow Wilson
100%
1850 Zachary Taylor | Millard Fillmore
100%
1991 George H. W. Bush
89%
1795 George Washington
89%
1970 Richard Nixon
89%
1876 Ulysses S. Grant
89%
1877 Ulysses S. Grant | Rutherford B. Hayes
89%
1913 William H. Taft | Woodrow Wilson
89%
2008 George W. Bush
88%
1949 Harry Truman
88%
1800 John Adams
88%
1908 Theodore Roosevelt
88%
1939 Franklin D. Roosevelt
86%
1943 Franklin D. Roosevelt
86%
1944 Franklin D. Roosevelt
86%
1993 George H. W. Bush | Bill Clinton
86%
1819 James Monroe
86%
1824 James Monroe
86%
1825 James Monroe | John Quincy Adams
86%
1847 James Polk
86%
1972 Richard Nixon
86%
1973 Richard Nixon
86%
1906 Theodore Roosevelt
86%
1803 Thomas Jefferson
86%
1872 Ulysses S. Grant
86%
1898 William McKinley
86%
1864 Abraham Lincoln
83%
2011 Barack Obama
83%
2013 Barack Obama
83%
1998 Bill Clinton
83%
1955 Dwight Eisenhower
83%
2006 George W. Bush
83%
1975 Gerald Ford
83%
1889 Grover Cleveland | Benjamin Harrison
83%
1952 Harry Truman
83%
1953 Harry Truman | Dwight Eisenhower
83%
1858 James Buchanan
83%
1849 James Polk | Zachary Taylor
83%
1804 Thomas Jefferson
83%
1870 Ulysses S. Grant
83%
1916 Woodrow Wilson
83%
1929 Calvin Coolidge | Herbert Hoover
82%
1860 James Buchanan
82%
1834 Andrew Jackson
80%
1836 Andrew Jackson
80%
1866 Andrew Johnson
80%
1996 Bill Clinton
80%
1997 Bill Clinton
80%
1883 Chester A. Arthur
80%
1884 Chester A. Arthur
80%
1854 Franklin Pierce
80%
1857 Franklin Pierce | James Buchanan
80%
2007 George W. Bush
80%
1859 James Buchanan
80%
1964 Lyndon Johnson
80%
1967 Lyndon Johnson
80%
1806 Thomas Jefferson
80%
1871 Ulysses S. Grant
80%
1910 William H. Taft
80%
1901 William McKinley | Theodore Roosevelt
80%
1960 Dwight Eisenhower
78%
1886 Grover Cleveland
78%
1820 James Monroe
78%
1979 Jimmy Carter
78%
1966 Lyndon Johnson
78%
1862 Abraham Lincoln
75%
1835 Andrew Jackson
75%
2001 Bill Clinton | George W. Bush
75%
1926 Calvin Coolidge
75%
1927 Calvin Coolidge
75%
1882 Chester A. Arthur
75%
1961 Dwight Eisenhower | John F. Kennedy
75%
1942 Franklin D. Roosevelt
75%
1990 George H. W. Bush
75%
1794 George Washington
75%
1888 Grover Cleveland
75%
1895 Grover Cleveland
75%
1931 Herbert Hoover
75%
1810 James Madison
75%
1811 James Madison
75%
1842 John Tyler
75%
1845 John Tyler | James Polk
75%
1968 Lyndon Johnson
75%
1838 Martin Van Buren
75%
1852 Millard Fillmore
75%
1985 Ronald Reagan
75%
1987 Ronald Reagan
75%
1902 Theodore Roosevelt
75%
1907 Theodore Roosevelt
75%
1874 Ulysses S. Grant
75%
2012 Barack Obama
71%
1915 Woodrow Wilson
71%
1918 Woodrow Wilson
71%
1831 Andrew Jackson
70%
1814 James Madison
70%
1830 Andrew Jackson
67%
1833 Andrew Jackson
67%
1867 Andrew Johnson
67%
2017 Barack Obama | Donald Trump
67%
1890 Benjamin Harrison
67%
2018 Donald Trump
67%
1954 Dwight Eisenhower
67%
1957 Dwight Eisenhower
67%
1938 Franklin D. Roosevelt
67%
2003 George W. Bush
67%
2009 George W. Bush | Barack Obama
67%
1897 Grover Cleveland | William McKinley
67%
1946 Harry Truman
67%
1821 James Monroe
67%
1798 John Adams
67%
1826 John Quincy Adams
67%
1828 John Quincy Adams
67%
1843 John Tyler
67%
1844 John Tyler
67%
1840 Martin Van Buren
67%
1802 Thomas Jefferson
67%
1899 William McKinley
67%
1982 Ronald Reagan
64%
1885 Chester A. Arthur | Grover Cleveland
63%
1900 William McKinley
63%
1863 Abraham Lincoln
60%
1896 Grover Cleveland
60%
1818 James Monroe
60%
1829 John Quincy Adams | Andrew Jackson
60%
1875 Ulysses S. Grant
60%
1911 William H. Taft
60%
1912 William H. Taft
60%
1914 Woodrow Wilson
60%
1921 Woodrow Wilson | Warren Harding
60%
1893 Benjamin Harrison | Grover Cleveland
57%
1827 John Quincy Adams
57%
1868 Andrew Johnson
56%
1822 James Monroe
56%
1891 Benjamin Harrison
50%
1994 Bill Clinton
50%
1934 Franklin D. Roosevelt
50%
1935 Franklin D. Roosevelt
50%
1855 Franklin Pierce
50%
1856 Franklin Pierce
50%
1793 George Washington
50%
1948 Harry Truman
50%
1930 Herbert Hoover
50%
1839 Martin Van Buren
50%
1986 Ronald Reagan
50%
1923 Warren Harding | Calvin Coolidge
50%
1919 Woodrow Wilson
50%
1905 Theodore Roosevelt
40%
1823 James Monroe
33%
1807 Thomas Jefferson
33%
1851 Millard Fillmore
25%
1873 Ulysses S. Grant
25%
1846 James Polk
0%
No matching quizzes found
Score Distribution
Percent of People with Each Score
Percentile by Number Answered
Your Score History
You have not taken this quiz